Modern differential geometry of curves and surfaces with mathematica, third edition / (Record no. 29042)
[ view plain ]
| 000 -LEADER | |
|---|---|
| fixed length control field | 00627 a2200205 4500 |
| 003 - CONTROL NUMBER IDENTIFIER | |
| control field | NUST |
| 005 - DATE AND TIME OF LATEST TRANSACTION | |
| control field | 20180118154424.0 |
| 008 - FIXED-LENGTH DATA ELEMENTS--GENERAL INFORMATION | |
| fixed length control field | 180118b xxu||||| |||| 00| 0 eng d |
| 020 ## - INTERNATIONAL STANDARD BOOK NUMBER | |
| International Standard Book Number | 1584884487 |
| 020 ## - INTERNATIONAL STANDARD BOOK NUMBER | |
| International Standard Book Number | 9781584884484 |
| 082 04 - DEWEY DECIMAL CLASSIFICATION NUMBER | |
| Classification number | 516.36 |
| 100 1# - MAIN ENTRY--PERSONAL NAME | |
| Personal name | Gray, Alfred. |
| 9 (RLIN) | 8886 |
| 245 10 - TITLE STATEMENT | |
| Title | Modern differential geometry of curves and surfaces with mathematica, third edition / |
| Statement of responsibility, etc. | Alfred Gray, Elsa Abbena, Simon Salamon. |
| 250 ## - EDITION STATEMENT | |
| Edition statement | 3rd ed. |
| 260 ## - PUBLICATION, DISTRIBUTION, ETC. | |
| Place of publication, distribution, etc. | [S.l.] : |
| Name of publisher, distributor, etc. | Chapman and Hall/CRC, |
| Date of publication, distribution, etc. | 2006. |
| 300 ## - PHYSICAL DESCRIPTION | |
| Extent | 1016 p. ; |
| Dimensions | 26 cm. |
| 490 1# - SERIES STATEMENT | |
| Series statement | Studies in advanced mathematics. |
| 700 ## - ADDED ENTRY--PERSONAL NAME | |
| Personal name | Abbena, |
| 9 (RLIN) | 8887 |
| 700 ## - ADDED ENTRY--PERSONAL NAME | |
| Personal name | Salamon, S |
| 9 (RLIN) | 8888 |
| 830 ## - SERIES ADDED ENTRY--UNIFORM TITLE | |
| Uniform title | Studies in advanced mathema |
| 9 (RLIN) | 8889 |
| 942 ## - ADDED ENTRY ELEMENTS (KOHA) | |
| Institution code [OBSOLETE] | SNS |
| Koha item type | Book |
| Call number prefix | 516.36 GRA |
| Source of classification or shelving scheme | |
| Withdrawn status | Lost status | Damaged status | Not for loan | Permanent Location | Current Location | Date acquired | Total Checkouts | Full call number | Barcode | Date last seen | Date last checked out | Price effective from | Koha item type |
|---|---|---|---|---|---|---|---|---|---|---|---|---|---|
| School of Natural Sciences (SNS) | School of Natural Sciences (SNS) | 05/26/2016 | 1 | 516.36 GRA | SNS0000336 | 12/26/2017 | 11/24/2017 | 05/26/2016 | Book |
